Gaming Quiz

Random Gaming or Board Games Quiz

Language of Games Quiz Stats

 Plays Quiz Updated Sep 17, 2018

Challenge
Share
Tweet
Embed
Score 0/16 Timer 03:00
1 Play Today
Words or Phrases You Might Hear Game % Correct
'Checkmate'Chess
98.8%
'I'll buy Illinois Avenue.'Monopoly
97.9%
'Triple Word Score!!! That's 57 points!'Scrabble
95.5%
'Professor Plum in the Conservatory with the rope'Clue
94.5%
'H-9'......'Miss'Battleship
93.7%
'King me!'Checkers
93.4%
'Got any sixes?'Go Fish
91.6%
'Caught you!!...Now give me all your cheese.'Mousetrap
84.4%
Words or Phrases You Might Hear Game % Correct
'I get to climb from space 28 all the way to space 84!'Chutes and Ladders
82.1%
'First word...okay, so it's a little word....sounds like.....'Charades
77.2%
'I just need to get my History wedge.'Trivial Pursuit
76.7%
'I'm going to Millionaire Acres!'The Game of Life
75.8%
'I'm stuck in the Molasses Swamp till I draw a Red card.'CandyLand
70.7%
'G-47.....and don't forget to cover your Free Space'Bingo
69.8%
'I'm going for my Large Straight.'Yahtzee
59%
'Sports Team starting with W; flower starting with W....'Scattergories
37.4%

You're not logged in!

Compare scores with friends on all Sporcle quizzes.
Join for Free
OR
Log In

You Might Also Like...

Show Comments

Extras

Top Quizzes Today


Score Distribution

Your Account Isn't Verified!

In order to create a playlist on Sporcle, you need to verify the email address you used during registration. Go to your Sporcle Settings to finish the process.

Report this User

Report this user for behavior that violates our Community Guidelines.

Details: